Discourses of Rūmī / (Record no. 23720)

MARC details
000 -LEADER
fixed length control field 00680cam a2200229u 4500
001 - CONTROL NUMBER
control field 7498207
003 - CONTROL NUMBER IDENTIFIER
control field BDDh-ASL
005 - DATE AND TIME OF LATEST TRANSACTION
control field 20231015030258.0
008 - FIXED-LENGTH DATA ELEMENTS--GENERAL INFORMATION
fixed length control field 820428s1961 enk 000 0 eng
010 ## - LIBRARY OF CONGRESS CONTROL NUMBER
LC control number 61041019
040 ## - CATALOGING SOURCE
Original cataloging agency DLC
Transcribing agency CarP
Modifying agency DLC
-- BDDh-ASL
050 00 - LIBRARY OF CONGRESS CALL NUMBER
Classification number BP189.7.M42
Item number A323
082 ## - DEWEY DECIMAL CLASSIFICATION NUMBER
Classification number 922
Item number ARD
100 0# - MAIN ENTRY--PERSONAL NAME
Personal name Jalāl al-Dīn Rūmī,
Titles and words associated with a name Maulana,
Dates associated with a name 1207-1273.
245 10 - TITLE STATEMENT
Title Discourses of Rūmī /
260 ## - PUBLICATION, DISTRIBUTION, ETC.
Place of publication, distribution, etc. London :
Name of publisher, distributor, etc. J. Murray,
Date of publication, distribution, etc. [1961]
300 ## - PHYSICAL DESCRIPTION
Extent ix, 276 p. :
Dimensions 22 cm.
650 #0 - SUBJECT ADDED ENTRY--TOPICAL TERM
Topical term or geographic name entry element Islam
Form subdivision Prayers and devotions.
700 1# - ADDED ENTRY--PERSONAL NAME
Personal name Arberry, A. J.
Fuller form of name (Arthur John),
Dates associated with a name 1905-1969.
906 ## - LOCAL DATA ELEMENT F, LDF (RLIN)
a 0
b cbc
c premunv
d u
e ncip
f 19
g y-gencatlg
942 ## - ADDED ENTRY ELEMENTS (KOHA)
Source of classification or shelving scheme Dewey Decimal Classification
Koha item type Books
Holdings
Withdrawn status Lost status Source of classification or shelving scheme Damaged status Not for loan Collection code Home library Current library Shelving location Date acquired Source of acquisition Total Checkouts Full call number Barcode Date last seen Copy number Price effective from Koha item type Public note
    Dewey Decimal Classification     Non-fiction Asiatic Society Library Asiatic Society Library General Stacks 04/03/2021 ASB Library Collections   922 ARD 108229 04/03/2021 C-1 04/03/2021 Books RARE

Powered by Koha